|
|
|
|
| LEADER |
00000nas a2200000 a 4500 |
| 001 |
ssj0015699 |
| 003 |
WaSeSS |
| 005 |
20200512172242.0 |
| 006 |
m d |
| 007 |
cr n |
| 008 |
020510d19862013mduqr pss 0 a0eng c |
| 010 |
|
|
|a 2008212666
|
| 022 |
|
|
|a 1938-3770
|l 0885-6095
|y 0885-6095
|
| 035 |
|
|
|a (WaSeSS)ssj0015699
|
| 037 |
|
|
|b Society of American Foresters, 5400 Grosvenor Lane, Bethesda, MD 20814
|
| 040 |
|
|
|a NTD
|b eng
|c NTD
|d OCLCQ
|d NSD
|d OCLCQ
|d OCLCO
|d OCLCQ
|d OCLCF
|d OCLCO
|d VT2
|d OCLCQ
|d CUS
|d TXA
|d FZW
|d OCLCA
|d OCL
|d WaSeSS
|
| 042 |
|
|
|a nsdp
|a pcc
|
| 043 |
|
|
|a n-usp--
|
| 050 |
1 |
4 |
|a SD144.A18
|b W43
|
| 082 |
0 |
0 |
|a 634.9/0978
|2 20
|
| 222 |
|
0 |
|a Western journal of applied forestry
|b (Online)
|
| 245 |
0 |
0 |
|a Western journal of applied forestry
|h [electronic resource].
|
| 246 |
1 |
|
|a West. J. Appl. For.
|
| 246 |
1 |
|
|a WJAF
|
| 246 |
1 |
|
|a Western forestry
|
| 260 |
|
|
|a Bethesda, MD :
|b Society of American Foresters,
|c 1986-
|
| 310 |
|
|
|a Quarterly
|
| 362 |
1 |
|
|a Began with: Volume 1, no. 1 (January 1986); ceased with: Volume 28, Number 1 (October 2013).
|
| 506 |
|
|
|a License restrictions may limit access.
|
| 515 |
|
|
|a Volume 1, no. 1 also called Premier issue.
|
| 538 |
|
|
|a Mode of access: World Wide Web.
|
| 550 |
|
|
|a Publication of the Society of American Foresters.
|
| 588 |
|
|
|a Description based on: Volume 1, no. 1 (January 1986); title from PDF title (IngentaConnect, viewed September 14, 2017).
|
| 588 |
|
|
|a Latest issue consulted: Volume 27, number 4 (October 2012) (IngentaConnect, viewed September 14, 2017).
|
| 650 |
|
0 |
|a Forests and forestry
|z West (U.S.)
|v Periodicals.
|
| 650 |
|
7 |
|a Forests and forestry.
|2 fast
|0 (OCoLC)fst00932632
|
| 651 |
|
7 |
|a West United States.
|2 fast
|0 (OCoLC)fst01243255
|
| 655 |
|
0 |
|a Electronic journals.
|
| 710 |
2 |
|
|a Society of American Foresters.
|
| 776 |
0 |
8 |
|i Print version:
|t Western journal of applied forestry
|x 0885-6095
|w (OCoLC)12681760
|
| 785 |
0 |
4 |
|t Forest science (Online)
|x 1938-3738
|w (DLC) 2005267538
|w (OCoLC)47954014
|
| 856 |
4 |
0 |
|z Full text available from Research Library: 01/01/2001 to 10/31/2013
|u https://search.proquest.com/publication/32936
|